[Event "New Delhi Parsvnath op 9th"]
[Site "New Delhi"]
[Date "2011.01.09"]
[Round "3"]
[White "Karthikeyan, Murali"]
[Black "Mukesh, M."]
[Result "1-0"]
[WhiteElo "2096"]
[BlackElo "1840"]
[PlyCount "65"]
[EventDate "2011.01.08"]
[EventType "swiss"]
[EventRounds "11"]
[EventCountry "IND"]
[SourceTitle "CBM 140 Extra"]
[Source "ChessBase"]
[SourceDate "2011.03.01"]
[SourceVersion "1"]
[SourceVersionDate "2011.03.01"]
[SourceQuality "1"]

1. e4 e6 2. Nf3 d5 3. exd5 exd5 4. d4 Nc6 5. Bd3 Bd6 6. 0-0 Bg4 7. c3 Nge7 8. h3 Bh5 9. Re1 Qd7 10. Nbd2 Bg6 11. Bb5 0-0 12. Ne5 Bxe5 13. dxe5 a6 14. Ba4 b5 15. Bb3 Na5 16. Nf3 Nxb3 17. axb3 Nc6 18. b4 Rfe8 19. Bf4 a5 20. bxa5 Rxa5 21. Rxa5 Nxa5 22. Qd4 Nc4 23. b3 Nb2 24. Re3 Qf5 25. Bg3 Qb1+ 26. Kh2 Qd1 27. Nd2 Qc2 28. Qxd5 Nd1 29. Rf3 Nxc3 30. Qc6 Rd8 31. e6 Nd5 32. Qd7 Rxd7 33. exd7 1-0

[Event "Mumbai Mayors Cup 1st"]
[Site "Mumbai"]
[Date "2008.05.11"]
[Round "1"]
[White "Vidit, Santosh Gujrathi"]
[Black "Mukesh, M."]
[Result "1-0"]
[WhiteElo "2337"]
[BlackElo "1742"]
[PlyCount "75"]
[EventDate "2008.05.11"]
[EventType "swiss"]
[EventRounds "11"]
[EventCountry "IND"]
[SourceTitle "CBM 124 Extra"]
[Source "ChessBase"]
[SourceDate "2008.07.03"]
[SourceVersion "1"]
[SourceVersionDate "2008.07.03"]
[SourceQuality "1"]

1. d4 Nf6 2. Nf3 g6 3. g3 Bg7 4. Bg2 0-0 5. 0-0 d6 6. b3 e5 7. dxe5 dxe5 8. Ba3 Re8 9. Nc3 Nbd7 10. e4 c6 11. Bd6 b5 12. a4 Bb7 13. Qe2 a6 14. Rfd1 Qb6 15. Bh3 Rad8 16. a5 Qa7 17. Bc7 Rc8 18. Bb6 Nxb6 19. axb6 Qxb6 20. Bxc8 Bxc8 21. Kg2 Bb7 22. Rd6 Qc7 23. Rad1 b4 24. Na4 c5 25. Qc4 Rc8 26. Kg1 Bc6 27. Qxa6 Bxe4 28. Qxc8+ Qxc8 29. Rd8+ Qxd8 30. Rxd8+ Bf8 31. Nxe5 Bxc2 32. Nxc5 Kg7 33. Ned3 Be7 34. Rd4 Bf8 35. Kf1 Ne8 36. Rc4 Bd1 37. Ke1 Bf3 38. Rxb4 1-0